Statistics for Famous People Born in Oklahoma

Click here to take the quiz!

General Stats

  • This quiz has been taken 131 times
  • The average score is 5 of 13

Answer Stats

DescriptionFamous PersonBirth City% Correct
Country singer of Friends in Low PlacesGarth BrooksTulsa
71%
Founder of WalmartSam WaltonKingfisher
71%
Actor of Sinbad and Megamind, ex of Angelina JolieBrad PittShawnee
68%
Actor of Walker Texas RangerChuck NorrisRyan
68%
American Idol winner in 2005Carrie UnderwoodMuskogee
61%
Director of Apollo 13 and The GrinchRon HowardDuncan
54%
Psychiatrist of eponymous TV show since 2002Phil McGrawVinita
36%
Actor of Cloudy With a Chance of Meatballs and Inside OutBill HaderTulsa
25%
Late actor of Atlantis The Lost Empire and The NotebookJames GarnerNorman
23%
Actor as Cyclops in X-MenJames MarsdenStillwater
23%
Actress as Ms. Noodle on Elmo's WorldKristin ChenowethBroken Arrow
18%
Author of Magic Treehouse booksMary Pope OsborneFort Sill
16%
Late puppeteer of the Count on Sesame StreetJerry NelsonTulsa
11%

Score Distribution

Percentile by Number Answered

Percent of People with Each Score

Your Score History

You have not taken this quiz